000 00573cab a2200205 4500
001 ABS53077
008 090401t1995 xxu||||| |||| 00| 0 eng d
035 _a(Sirsi) u1826
041 _aeng
100 _aSydenham, A.
245 _aVictory on tenancies
260 _c1995
350 _a0
490 _aCountry Landowner
_vJune 1995, 22-23(2)
520 _aOutlines some legal aspects of the Agricultural Tenancies Act 1995.
650 _aAGRICULTURAL TENANCIES ACT 1995
690 _aLANDLORD AND TENANT-AGRICULTURAL TENANCIES
942 _n0
948 _c04/03/1997
999 _c1058
_d1058